000 00679cam a2200241 4500
001 7423
003 BD-RjUL
005 20211208234418.0
008 140115s1969 pk 001 0 eng
035 _a(BD-RjUL)7466
040 _aDLC
_cDLC
_dDLC
_dBD-RjUL
_beng
041 _aeng
082 0 0 _a340
_bFAL 1969
100 1 _aFarani, M.
_q(Merajuddin),
_d1935-
_914398
245 1 0 _aLaws and cases about the service matters /
_cby M. Farani.
260 _aLahore :
_bLahore Law Times Publications,
_c1969.
300 _a532 p. ;
_c25 cm.
350 _a20.00
650 0 _aCivil service
_zPakistan.
_917468
942 _2ddc
_cBK
999 _c7423
_d7423